Persuázia ako komunikačný nástroj

Teoretické oblasti, ktoré sa dotýkajú problematiky persuázie ako modernej formy marketingovej komunikácie. Presviedčanie (persuázia) - charakteristika a využívanie vo všetkých oblastiach osobného a pracovného života. Tri základné spôsoby argumentácie pri presviedčaní. Základné komunikačné predpoklad...

Ausführliche Beschreibung

Gespeichert in:
Bibliographische Detailangaben
1. Verfasser: Gažová Adamková, Hana, 1969-
Format: Buchkapitel
Sprache:Slowakisch
Schlagworte:
Tags: Tag hinzufügen
Keine Tags, Fügen Sie das erste Tag hinzu!

MARC

LEADER 00000naa$a2200000$$$4500
001 0074269
005 20240502071859.1
041 0 |a slo 
044 |a SK 
245 1 0 |a Persuázia ako komunikačný nástroj  |c Hana Gažová Adamková 
520 |a Teoretické oblasti, ktoré sa dotýkajú problematiky persuázie ako modernej formy marketingovej komunikácie. Presviedčanie (persuázia) - charakteristika a využívanie vo všetkých oblastiach osobného a pracovného života. Tri základné spôsoby argumentácie pri presviedčaní. Základné komunikačné predpoklady pre úspešné presviedčanie. Podporné činitele presviedčania. 
610 2 0 |a komunikácia marketingová 
610 2 0 |a nástroje marketingové 
610 2 0 |a persuázia 
610 2 0 |a zákazníci 
100 1 |a Gažová Adamková, Hana, 1969-